The Unforgettable Nehru (Record no. 6402)
[ view plain ]
| 000 -LEADER | |
|---|---|
| fixed length control field | 00218nam a22000857a 4500 |
| 008 - FIXED-LENGTH DATA ELEMENTS--GENERAL INFORMATION | |
| fixed length control field | 170526b xxu||||| |||| 00| 0 eng d |
| 100 ## - MAIN ENTRY--PERSONAL NAME | |
| 9 (RLIN) | 3115 |
| Personal name | Tandon.P.D. |
| 245 ## - TITLE STATEMENT | |
| Title | The Unforgettable Nehru |
| 260 ## - PUBLICATION, DISTRIBUTION, ETC. (IMPRINT) | |
| Place of publication, distribution, etc. | New Delhi |
| Name of publisher, distributor, etc. | NBIT |
| Date of publication, distribution, etc. | 2003 |
| Withdrawn status | Lost status | Source of classification or shelving scheme | Damaged status | Koha normalized classification for sorting | Not for loan | Home library | Current library | Shelving location | Date acquired | Total Checkouts | Full call number | Barcode | Date last seen | Date last checked out | Price effective from | Koha item type |
|---|---|---|---|---|---|---|---|---|---|---|---|---|---|---|---|---|
| Dewey Decimal Classification | 920_000000000000000 | Good Samaritan School Library | Good Samaritan School Library | History | 05/26/2017 | 1 | 920 | TAN8190 | 10/09/2019 | 09/04/2019 | 05/26/2017 | BOOK | ||||
| Dewey Decimal Classification | TAN_920_000000000000000_D4 | Good Samaritan School Library | Good Samaritan School Library | History | 05/26/2017 | TAN920 D-4 | TAN8191 | 05/26/2017 | 05/26/2017 | Reference |